Central Library OPAC University of Rajshahi

Survey of international Affairs, 1959-1960 / (Record no. 15386)

MARC details
000 -LEADER
fixed length control field 00920nam a2200253 a 4500
001 - CONTROL NUMBER
control field 15386
003 - CONTROL NUMBER IDENTIFIER
rucl marc code BD-RjUL
005 - DATE AND TIME OF LATEST TRANSACTION
control field 20211208235815.0
008 - FIXED-LENGTH DATA ELEMENTS--GENERAL INFORMATION
fixed length control field 880808s1964 enkb b 001 0 eng d
035 ## - SYSTEM CONTROL NUMBER
System control number (BD-RjUL)15440
040 ## - CATALOGING SOURCE
Original cataloging agency NJM
Transcribing agency NJM
Modifying agency m.c
-- EUX
-- BD-RjUL
Language of cataloging eng
041 ## - LANGUAGE CODE
Language code of text/sound track or separate title eng
082 ## - DEWEY DECIMAL CLASSIFICATION NUMBER
Edition number 23
Classification number 327
Author mark and year ROS 1964
110 1# - MAIN ENTRY--CORPORATE NAME
Corporate name or jurisdiction name as entry element Royal Institute of International Affairs.
9 (RLIN) 233574
245 10 - TITLE STATEMENT
Title Survey of international Affairs, 1959-1960 /
Statement of responsibility, etc. Royal Institute of International Affairs ; by G. Barraclough
260 ## - PUBLICATION, DISTRIBUTION, ETC. (IMPRINT)
Place of publication, distribution, etc. London:
Name of publisher, distributor, etc. Oxford University Press :
Date of publication, distribution, etc. 1964
300 ## - PHYSICAL DESCRIPTION
Pagination viii, 594 p. :
Illustrations Ill. ;
Size 24 cm
500 ## - GENERAL NOTE
General note "Issued under the auspices of the Royal Institute of International Affairs"
504 ## - BIBLIOGRAPHY, ETC. NOTE
Bibliography, etc Includes bibliographical references and index.
650 #0 - SUBJECT ADDED ENTRY--TOPICAL TERM
Topical term or geographic name as entry element World politics
Chronological subdivision 1955-1965
9 (RLIN) 233575
Topical term or geographic name as entry element International relations
9 (RLIN) 233576
700 ## - ADDED ENTRY--PERSONAL NAME
Personal name Barraclough, G.
942 ## - ADDED ENTRY ELEMENTS (KOHA)
Source of classification or shelving scheme Dewey Decimal Classification
Koha item type Rare Books
Holdings
Lost status Source of classification or shelving scheme Damaged status Not for loan Collection code Permanent Location Current Location Shelving location Date acquired Source of acquisition Cost, normal purchase price Total Checkouts Full call number Date last seen Copy number Koha item type
  Dewey Decimal Classification   Not For Loan Rare Books Central Library, University of Rajshahi Central Library, University of Rajshahi Rare Book Section 12/09/1970 zeitlinger 90.00   RA 327 ROS 1964 10/10/2019 C-1 Rare Books